书目信息 |
| 题名: |
蓝莓花青素拮抗化学性肝损伤及相关机制研究
|
|
| 作者: | 陈健 , 刘东莉 著 | |
| 分册: | ||
| 出版信息: | 北京 中国原子能出版社 2017.06 |
|
| 页数: | 120页 | |
| 开本: | 24cm | |
| 丛书名: | ||
| 单 册: | ||
| 中图分类: | R657.3 | |
| 科图分类: | ||
| 主题词: | 浆果类--花青素--拮抗作用--肝损伤--研究 | |
| 电子资源: | ||
| ISBN: | 978-7-5022-8185-4 | |
| 000 | 01194nam0 2200241 450 | |
| 001 | 344 | |
| 005 | 20180922082143.87 | |
| 010 | @a978-7-5022-8185-4@dCNY42.00 | |
| 100 | @a20180412d2017 em y0chiy50 ea | |
| 101 | 0 | @achi |
| 102 | @aCN@b110000 | |
| 105 | @aa z 000yy | |
| 200 | 1 | @a蓝莓花青素拮抗化学性肝损伤及相关机制研究@9lan mei hua qing su jie kang hua xue xing gan sun shang ji xiang guan ji zhi yan jiu@f陈健,刘东莉著 |
| 210 | @a北京@c中国原子能出版社@d2017.06 | |
| 215 | @a120页@c图@d24cm | |
| 300 | @a海南自然科学基金创新研究团队项目 2017年天津大学——海南大学协同创新基金项目 国家自然科学基金项目 海南省自然科学基金项目 | |
| 330 | @a本书以东北栽培的蓝莓果为研究对象,在蓝莓花青素分离纯化的基础上,对制备的花青素单体进行了结构鉴定。并通过建立急性小鼠肝损伤模型,探讨了蓝莓花青素对四氯化碳(CC14)诱导小鼠的肝损伤的保护和氧化应激的影响,结合其体外清除自由基抗氧化活性和对CC14诱导的L-02肝细胞损伤的保护,从抗氧化的角度探讨了蓝莓花青素对肝损伤保护作用的主要机制。 | |
| 606 | 0 | @a浆果类@x花青素@x拮抗作用@x肝损伤@x研究 |
| 690 | @aR657.3@v5 | |
| 701 | 0 | @a陈健@9chen jian@4著 |
| 701 | 0 | @a刘东莉@9liu dong li@4著 |
| 801 | 0 | @aCN@b91MARC@c20180412 |
| 905 | @aMuseLib@dR657.3@e53 | |
| 蓝莓花青素拮抗化学性肝损伤及相关机制研究/陈健,刘东莉著.-北京:中国原子能出版社,2017.06 |
| 120页:图;24cm |
| 海南自然科学基金创新研究团队项目 2017年天津大学——海南大学协同创新基金项目 国家自然科学基金项目 海南省自然科学基金项目 |
| ISBN 978-7-5022-8185-4:CNY42.00 |
| 本书以东北栽培的蓝莓果为研究对象,在蓝莓花青素分离纯化的基础上,对制备的花青素单体进行了结构鉴定。并通过建立急性小鼠肝损伤模型,探讨了蓝莓花青素对四氯化碳(CC14)诱导小鼠的肝损伤的保护和氧化应激的影响,结合其体外清除自由基抗氧化活性和对CC14诱导的L-02肝细胞损伤的保护,从抗氧化的角度探讨了蓝莓花青素对肝损伤保护作用的主要机制。 |
| ● |
| 相关链接 |
|
|
|
|
正题名:蓝莓花青素拮抗化学性肝损伤及相关机制研究
索取号:R657.3/53
 
预约/预借
| 序号 | 登录号 | 条形码 | 馆藏地/架位号 | 状态 | 备注 |
| 1 | 1119439 | 211194394 | 第二样本阅览室/ [索取号:R657.3/53] | 在馆 | |
| 2 | 1119440 | 211194401 | 第三借阅区/ [索取号:R657.3/53] | 在馆 | |
| 3 | 1119441 | 211194410 | 第三借阅区/ [索取号:R657.3/53] | 在馆 | |
| 4 | 1119442 | 211194429 | 第三借阅区/ [索取号:R657.3/53] | 在馆 | |
| 5 | 1119443 | 211194438 | 密集书库-生命科学系/ [索取号:R657.3/53] | 在馆 |